| 000 | 00538nam a2200205Ia 4500 | ||
|---|---|---|---|
| 003 | GCL | ||
| 008 | 140319s9999 xx 000 0 ara d | ||
| 040 |
_aGCL / _cGCL |
||
| 082 | 0 | 4 |
_a001.94 _bر ع |
| 100 | 1 | _aراجى عنايت | |
| 245 | 1 | 0 |
_aعجائب بلاتفسير / _cراجى عنايت |
| 300 | _a113 | ||
| 490 |
_aاغرب من الخيال _v0 |
||
| 650 | 0 | 4 | _aالاحلام |
| 650 | 0 | 4 | _aالخرافات |
| 650 | 0 | 4 | _aاحلام الاطفال |
| 650 | 0 | 4 | _aالعقل |
| 650 | 0 | 4 | _aالخيال |
| 942 |
_2ddc _cBK |
||
| 999 |
_c41358 _d41358 |
||